[Event "Modena Province-ch"]
[Site "Modena"]
[Date "2009.12.12"]
[Round "3"]
[White "Farachi, Francesco"]
[Black "Di Trapani, Davide"]
[Result "1-0"]
[WhiteElo "2103"]
[BlackElo "1913"]
[PlyCount "101"]
[EventDate "2009.12.11"]
[EventType "swiss"]
[EventRounds "5"]
[EventCountry "ITA"]
[SourceTitle "EXT 2012"]
[Source "ChessBase"]
[SourceDate "2011.11.24"]
[SourceVersion "1"]
[SourceVersionDate "2011.11.24"]
[SourceQuality "1"]

1. Nf3 d5 2. g3 Nf6 3. Bg2 c5 4. d4 e6 5. 0-0 Be7 6. Nbd2 Nbd7 7. b3 0-0 8. Bb2 b6 9. c4 Bb7 10. Rc1 Rc8 11. e3 Rc7 12. Qe2 Qa8 13. Rfd1 Rfc8 14. dxc5 Nxc5 15. Be5 Rd7 16. Bd4 Rdd8 17. Ne5 Ne8 18. cxd5 Bxd5 19. Bxd5 Rxd5 20. b4 Nd7 21. Nxd7 Rxd7 22. a3 Bf6 23. Nf3 Bxd4 24. Nxd4 Nf6 25. b5 Rxc1 26. Rxc1 Qf8 27. Rc6 g6 28. Qb2 Ne4 29. Qc2 Nc5 30. h4 Qd8 31. Kg2 Qf8 32. Nb3 Nxb3 33. Qxb3 h5 34. Qc3 Qg7 35. Rc8+ Kh7 36. Qc6 Rd2 37. Rc7 Qf6 38. Qf3 Qxf3+ 39. Kxf3 Kg7 40. Rxa7 Ra2 41. Ra6 Kf6 42. e4 Ke5 43. Ke3 Rb2 44. f4+ Kf6 45. Rxb6 Rb3+ 46. Kd4 Rxa3 47. Ra6 Rxg3 48. Ra4 Rg4 49. b6 Rxf4 50. b7 Rxh4 51. b8Q 1-0

[Event "ITA-chT2"]
[Site "Arvier"]
[Date "2008.05.03"]
[Round "3"]
[White "Farachi, Francesco"]
[Black "Cappai, Davide"]
[Result "1-0"]
[WhiteElo "2103"]
[BlackElo "2100"]
[PlyCount "48"]
[EventDate "2008.05.02"]
[EventType "team"]
[EventRounds "5"]
[EventCountry "ITA"]
[SourceTitle "CBM 124 Extra"]
[Source "ChessBase"]
[SourceDate "2008.07.03"]
[SourceVersion "1"]
[SourceVersionDate "2008.07.03"]
[SourceQuality "1"]

1. e4 g6 2. Nf3 Bg7 3. Nc3 d6 4. d4 Nc6 5. Be3 Nf6 6. h3 0-0 7. Qd2 e5 8. d5 Ne7 9. Bh6 a6 10. Be2 Bd7 11. Nh2 Ne8 12. g4 Kh8 13. Bxg7+ Kxg7 14. 0-0-0 b5 15. h4 h6 16. f4 f6 17. g5 exf4 18. gxh6+ Kh7 19. Qxf4 Ng8 20. Qg3 Qe7 21. Nf3 Nxh6 22. Kb1 Qg7 23. Bd3 Ng4 24. h5 g5 1-0

[Event "ITA-chT2"]
[Site "Arvier"]
[Date "2008.05.02"]
[Round "1"]
[White "Farachi, Francesco"]
[Black "Pepino, Enrico"]
[Result "1-0"]
[WhiteElo "2103"]
[BlackElo "2138"]
[PlyCount "91"]
[EventDate "2008.05.02"]
[EventType "team"]
[EventRounds "5"]
[EventCountry "ITA"]
[SourceTitle "CBM 124 Extra"]
[Source "ChessBase"]
[SourceDate "2008.07.03"]
[SourceVersion "1"]
[SourceVersionDate "2008.07.03"]
[SourceQuality "1"]

1. e4 c5 2. Nf3 d6 3. d4 cxd4 4. Nxd4 Nf6 5. Nc3 g6 6. Bc4 Bg7 7. 0-0 0-0 8. f3 Nc6 9. Be3 Qb6 10. Bb3 Ng4 11. Nd5 Nxe3 12. Nxb6 Bxd4 13. Qe2 Nxf1+ 14. Kxf1 Bxb6 15. c3 Bd7 16. Rd1 Rfd8 17. f4 Rac8 18. g4 Na5 19. f5 a6 20. Qf3 Bb5+ 21. Kg2 Nc4 22. Bxc4 Bxc4 23. b3 Bb5 24. h4 Rc5 25. c4 Bc6 26. h5 Re5 27. Re1 Ba5 28. Re2 b5 29. f6 exf6 30. Qxf6 Re6 31. Qd4 gxh5 32. gxh5 Rde8 33. Kf3 Rxe4 34. Rg2+ Kf8 35. Qxd6+ R8e7 36. Qh6+ Ke8 37. Qxc6+ Kf8 38. Qxe4 Rxe4 39. Kxe4 bxc4 40. bxc4 Ke7 41. c5 Ke6 42. c6 f5+ 43. Kf4 Bc7+ 44. Kg5 f4 45. Kh6 Kf5 46. Rg7 1-0

[Event "Ceriano Laghetto op-A 15th"]
[Site "Ceriano Laghetto"]
[Date "2006.03.31"]
[Round "1"]
[White "Ranola, Yves"]
[Black "Farachi, Francesco"]
[Result "1-0"]
[WhiteElo "2434"]
[BlackElo "2103"]
[PlyCount "131"]
[EventDate "2006.03.31"]
[EventType "swiss"]
[EventRounds "5"]
[EventCountry "ITA"]
[SourceTitle "EXT 2011"]
[Source "ChessBase"]
[SourceDate "2010.11.26"]
[SourceVersion "1"]
[SourceVersionDate "2010.11.26"]
[SourceQuality "1"]

1. Nf3 Nf6 2. g3 g6 3. Bg2 Bg7 4. 0-0 0-0 5. d3 Nc6 6. e4 e5 7. Nbd2 d6 8. c3 Ne7 9. Re1 c6 10. d4 exd4 11. cxd4 d5 12. e5 Ne8 13. b4 Nc7 14. a4 Bg4 15. Ba3 Re8 16. Nb3 Nf5 17. Qd3 Bxf3 18. Bxf3 Ne6 19. Rac1 Bf8 20. Bg4 Qg5 21. Bxf5 Qxf5 22. Red1 Qxd3 23. Rxd3 h5 24. f4 Ng7 25. Na5 Rab8 26. Kf2 Be7 27. h3 Bd8 28. Nb3 Be7 29. g4 Ne6 30. f5 Ng5 31. f6 Bf8 32. gxh5 Ne4+ 33. Kf3 gxh5 34. Nd2 Ng5+ 35. Kf4 Ne6+ 36. Kf5 Kh7 37. Nf3 Bh6 38. Rg1 Rg8 39. Rdd1 Be3 40. Rg7+ Nxg7+ 41. fxg7 Rxg7 42. Rd3 Bh6 43. b5 cxb5 44. axb5 Rc8 45. Be7 Rc2 46. Bg5 Rc4 47. Ra3 Rb4 48. h4 Rxb5 49. Bxh6 Kxh6 50. Rxa7 Rg2 51. Ra3 Kg7 52. Rc3 Rbb2 53. e6 fxe6+ 54. Kxe6 Rb5 55. Ne5 Re2 56. Rg3+ Kf8 57. Rg5 Re4 58. Rxh5 Rxd4 59. Rf5+ Kg8 60. Rg5+ Kh7 61. Nd7 Re4+ 62. Kf5 Kh8 63. Nf6 d4+ 64. Kxe4 Rxg5 65. hxg5 Kg7 66. Kxd4 1-0

[Event "Lodi op 1st"]
[Site "Lodi"]
[Date "2005.06.10"]
[Round "1"]
[White "Farachi, Francesco"]
[Black "Efimov, Igor"]
[Result "0-1"]
[WhiteElo "2107"]
[BlackElo "2458"]
[PlyCount "78"]
[EventDate "2005.06.10"]
[EventType "swiss"]
[EventRounds "5"]
[EventCountry "ITA"]
[SourceTitle "EXT 2007"]
[Source "ChessBase"]
[SourceDate "2006.11.23"]
[SourceVersion "1"]
[SourceVersionDate "2006.11.23"]
[SourceQuality "1"]

1. e4 c5 2. Nf3 Nc6 3. d4 cxd4 4. Nxd4 Nf6 5. Nc3 d6 6. Be2 e5 7. Nxc6 bxc6 8. 0-0 Be7 9. Bg5 0-0 10. Qd3 h6 11. Bh4 Rb8 12. b3 Qc7 13. Rfd1 Rd8 14. Qe3 Be6 15. Na4 d5 16. Bxf6 Bxf6 17. Nc5 Bc8 18. Na6 Bxa6 19. Bxa6 Qa5 20. Bd3 Qa3 21. Qc1 Qb4 22. Qe3 Bg5 23. Qf3 g6 24. exd5 cxd5 25. Bf1 e4 26. Qg3 Rbc8 27. c4 d4 28. Qe5 e3 29. fxe3 dxe3 30. Be2 Rd2 31. Bg4 Qb6 32. Rxd2 exd2+ 33. Kh1 Bf6 34. Qe2 Rd8 35. Rf1 Kg7 36. Bf3 Qd4 37. Bd5 Rd7 38. Rd1 Re7 39. Qf1 Qe3 0-1

[Event "Melegnano op 4th"]
[Site "Melegnano"]
[Date "2005.02.26"]
[Round "2"]
[White "Dragojlovic, Andjelko"]
[Black "Farachi, Francesco"]
[Result "1-0"]
[WhiteElo "2276"]
[BlackElo "2104"]
[PlyCount "81"]
[EventDate "2005.02.25"]
[EventType "swiss"]
[EventRounds "5"]
[EventCountry "ITA"]
[SourceTitle "EXT 2007"]
[Source "ChessBase"]
[SourceDate "2006.11.23"]
[SourceVersion "1"]
[SourceVersionDate "2006.11.23"]
[SourceQuality "1"]

1. e4 e5 2. Nc3 Nf6 3. g3 Nc6 4. Bg2 d6 5. Nge2 Be7 6. h3 Be6 7. d4 Bc4 8. d5 Nb8 9. b3 Ba6 10. 0-0 Nbd7 11. Be3 0-0 12. Kh2 h6 13. Nb1 Nh7 14. c4 b6 15. a4 Bg5 16. f4 exf4 17. gxf4 Bf6 18. Nbc3 Bb7 19. a5 a6 20. Nd4 bxa5 21. Qc2 Re8 22. Ra2 Bxd4 23. Bxd4 c5 24. Bf2 Nb6 25. Bg3 Nf6 26. Bf3 Nfd7 27. Rg1 a4 28. Nxa4 Nxa4 29. Rxa4 Qf6 30. Qd3 Kh8 31. Ra2 g5 32. fxg5 hxg5 33. Rf2 Ne5 34. Qe2 Qh6 35. Bh5 g4 36. Bxe5+ Rxe5 37. Bxg4 Rae8 38. Qf3 Bc8 39. Bxc8 Rxc8 40. Qxf7 Rxe4 41. Rg6 1-0

[Event "Corsico op 10th"]
[Site "Corsico"]
[Date "1995.10.??"]
[Round "1"]
[White "Farachi, Francesco"]
[Black "Schacher, Gerd"]
[Result "0-1"]
[WhiteElo "2115"]
[BlackElo "2215"]
[PlyCount "90"]
[EventDate "1995.10.08"]
[EventType "swiss"]
[EventRounds "7"]
[EventCountry "ITA"]
[SourceTitle "EXT 2023"]
[Source "ChessBase"]
[SourceDate "2022.10.05"]
[SourceVersion "1"]
[SourceVersionDate "2022.10.05"]
[SourceQuality "1"]

1. e4 c5 2. Nf3 d6 3. d4 cxd4 4. Nxd4 Nf6 5. Nc3 a6 6. a4 g6 7. Be2 Bg7 8. Be3 0-0 9. 0-0 Nc6 10. Nxc6 bxc6 11. a5 Bb7 12. f3 c5 13. e5 dxe5 14. Qxd8 Rfxd8 15. Bxc5 e4 16. Rad1 exf3 17. Bxf3 Bxf3 18. gxf3 Rdc8 19. Bxe7 Rab8 20. Bxf6 Bxf6 21. Nd5 Bh4 22. Rd4 Bd8 23. b4 Rxc2 24. Re1 Bg5 25. Rde4 Rb5 26. Re8+ Kg7 27. R8e5 Bd2 28. R1e2 Rc1+ 29. Kg2 Bxb4 30. Nxb4 Rxb4 31. Ra2 Rbb1 32. Rd5 Rg1+ 33. Kh3 Rb3 34. Rf2 Ra1 35. Kg3 Rba3 36. Rd6 Rxa5 37. Rc2 R1a3 38. Rcc6 Rf5 39. Rxa6 Raxf3+ 40. Kg2 Rf2+ 41. Kg1 Rf1+ 42. Kg2 R5f2+ 43. Kg3 Rb2 44. h3 Rg1+ 45. Kh4 Rb4+ 0-1